NTA UGC 2026 NET SET JRF: (Record no. 216228)
[ view plain ]
| 000 -LEADER | |
|---|---|
| fixed length control field | 00762nam a22002057a 4500 |
| 005 - DATE AND TIME OF LATEST TRANSACTION | |
| control field | 20260518103118.0 |
| 010 ## - LCCN (DPL NO) | |
| LC control number | ENG-148493 |
| 020 ## - INTERNATIONAL STANDARD BOOK NUMBER | |
| International Standard Book Number | 9789371369312 |
| Terms of availability | 785.00 |
| 035 ## - SYSTEM CONTROL NUMBER | |
| System control number | EN-132025 |
| 037 ## - SOURCE OF ACQUISITION | |
| Source of stock number/acquisition | DBAD |
| 082 ## - DEWEY DECIMAL CLASSIFICATION NUMBER | |
| Classification number | 900 |
| Edition number | 4 |
| 100 ## - MAIN ENTRY--PERSONAL NAME | |
| Personal name | Subhangini Priya |
| 245 ## - TITLE STATEMENT | |
| Title | NTA UGC 2026 NET SET JRF: |
| Remainder of title | History/ |
| Statement of responsibility, etc | Subhangini Priya [and] Abhishek Mishra |
| 250 ## - EDITION STATEMENT | |
| Edition statement | 4 |
| 260 ## - PUBLICATION, DISTRIBUTION, ETC. (IMPRINT) | |
| Place of publication, distribution, etc | Uttar pradesh |
| Name of publisher, distributor, etc | Pearson India Education Service Pvt. Ltd. |
| Date of publication, distribution, etc | 2026 |
| 270 ## - ADDRESS | |
| Address | 15th Floor, Tower -B, World Trade Tower, PLot No.1, Block-C, Sector 16, Noida |
| City | Noida (Uttar pradesh) |
| Postal code | 201301 |
| Telephone number | 044-66540100 |
| Electronic mail address | companysecretary.india@pearson.com |
| 300 ## - PHYSICAL DESCRIPTION | |
| Extent | vpp. : |
| Dimensions | 25cm(pb) |
| 700 ## - ADDED ENTRY--PERSONAL NAME | |
| Personal name | Mishra, Abhishek |
| Relator term | Author |
| 9 (RLIN) | 82811 |
| 942 ## - ADDED ENTRY ELEMENTS (KOHA) | |
| Source of classification or shelving scheme | Dewey Decimal Classification |
| Item type | English Books |
| Classification part | 900 |
| Call number suffix | SUB |
| Withdrawn status | Lost status | Not for loan | Collection code | Home library | Current library | Date acquired | Source of acquisition | Cost, normal purchase price | Full call number | Barcode | Copy number | Cost, replacement price | Koha item type |
|---|---|---|---|---|---|---|---|---|---|---|---|---|---|
| Not For Loan | Non-fiction | D.B.Act.Division | D.B.Act.Division | 18/05/2026 | Delivery of Books Act Division | 785.00 | 900 SUB | EN-132025 | 1 | 785.00 | English Books |
